| 000 | 00439nam a2200169Ia 4500 | ||
|---|---|---|---|
| 008 | 220803s9999 xx 000 0 und d | ||
| 020 | _a81-85026-59-9 | ||
| 041 | _aeng | ||
| 082 | _a722 PAL/HAQ | ||
| 100 |
_aPal P Ed. _916339 |
||
| 245 | _aBengal : Sites And Sights | ||
| 260 |
_aMumbai _bMarg Publications _c1999 |
||
| 300 | _a151p | ||
| 500 | _aArchitecture | ||
| 650 |
_aArchitectural History _916340 |
||
| 700 |
_aHaque E Ed. _916341 |
||
| 999 |
_c11762 _d11762 |
||